UM Logo

A model predictive controlled bidirectional four quadrant flying capacitor DC/DC converter applied in energy storage system / (Record no. 19540)

MARC details
000 -LEADER
fixed length control field 01077nam a22002297a 4500
005 - DATE AND TIME OF LATEST TRANSACTION
control field 20250827103336.0
008 - FIXED-LENGTH DATA ELEMENTS--GENERAL INFORMATION
fixed length control field 240308b ||||| |||| 00| 0 eng d
082 ## - DEWEY DECIMAL CLASSIFICATION NUMBER
Classification number DPer 621.317 Ie21 July 2022 v. 37 n. 7
100 ## - MAIN ENTRY--PERSONAL NAME
Personal name Bi, Kaitao.
Relator term author.
9 (RLIN) 54057
245 ## - TITLE STATEMENT
Title A model predictive controlled bidirectional four quadrant flying capacitor DC/DC converter applied in energy storage system /
Statement of responsibility, etc. Kaitao Bi, Huayang Lv, Liang Chen, Jianfei Li, Yixin Zhu, Wentao Huang, and Qigao Fan.
260 ## - PUBLICATION, DISTRIBUTION, ETC. (IMPRINT)
Place of publication, distribution, etc. New York ;
Name of publisher, distributor, etc. The Institute of Electrical and Electronics Engineers, Inc. ,
Date of publication, distribution, etc. July 2022.
300 ## - PHYSICAL DESCRIPTION
Extent volume 37, pages 7705-7717 :
Other physical details illustration ;
Dimensions 28 cm.
500 ## - GENERAL NOTE
General note IEEE Transactions on Power Electronics, vol. 37, no. 7, Pages 7705-7717, July 2022.
700 ## - ADDED ENTRY--PERSONAL NAME
Personal name Bi, Kaitao.
Relator term author.
9 (RLIN) 54057
700 ## - ADDED ENTRY--PERSONAL NAME
Personal name Lv, Huayang.
Relator term author.
9 (RLIN) 54058
700 ## - ADDED ENTRY--PERSONAL NAME
Personal name Chen, Liang.
Relator term author.
9 (RLIN) 54059
700 ## - ADDED ENTRY--PERSONAL NAME
Personal name Li, Jianfei.
Relator term author.
9 (RLIN) 54060
700 ## - ADDED ENTRY--PERSONAL NAME
Personal name Zhu, Yixin.
Relator term author.
9 (RLIN) 54061
700 ## - ADDED ENTRY--PERSONAL NAME
Personal name Huang, Wentao.
Relator term author.
9 (RLIN) 54062
700 ## - ADDED ENTRY--PERSONAL NAME
Personal name Fan, Qigao.
Relator term author.
9 (RLIN) 54063
942 ## - ADDED ENTRY ELEMENTS (KOHA)
Source of classification or shelving scheme Dewey Decimal Classification
Koha item type Periodicals
Holdings
Withdrawn status Lost status Source of classification or shelving scheme Damaged status Not for loan Collection code Home library Current library Date acquired Total Checkouts Full call number Date last seen Price effective from Koha item type Public note
    Dewey Decimal Classification     Periodicals UM Digos College - LIC UM Digos College - LIC 03/08/2024   DPer 621.317 Ie21 July 2022 v. 37 n. 7 03/08/2024 03/08/2024 Periodicals Periodical Article